000 00532nam a22001697a 4500
005 20251108175647.0
008 250721s2017 xx 000 0 ara d
082 1 4 _a961.101/إبر
100 1 _aابراهيم، حسين
245 1 0 _aإيالة تونس في عهد أحمد باشا باي /
264 1 _aبيروت :
_bمركز الدراسات الوحدة العربية،
_c2017.
300 _a208ص.
650 1 7 _aتاريخ تونس
650 1 7 _aالحسينيون 1957-1705
942 _2ddc
_cBK
999 _c139381
_d139381